Statistics for 15 Most Populated Cities In United Kingdom

Click here to take the quiz!

General Stats

  • This quiz has been taken 72 times
  • The average score is 13 of 15

Answer Stats

RegionPopulationCity% Correct
North West554,400Manchester
100%
Wales350,558Cardiff
98%
London8,907,918London
98%
West Midlands1,153,717Birmingham
97%
Scotland488,050Edinburgh
97%
Northern Ireland328,937Belfast
95%
Scotland612,040Glasgow
95%
Yorkshire Humber503,388Leeds
95%
North West579,256Liverpool
95%
Yorkshire Humber544,402Sheffield
83%
South West571,922Bristol
81%
East Midlands470,965Leicester
77%
East Midlands311,823Nottingham
66%
West Midlands369,127Coventry
48%
Yorkshire Humber361,046Bradford
45%

Score Distribution

Percentile by Number Answered

Percent of People with Each Score

Your Score History

You have not taken this quiz